<?xml version="1.0" encoding="UTF-8"?>
<collection xmlns="http://www.loc.gov/MARC21/slim">
 <record>
  <leader>01130nam a22001937a 4500</leader>
  <controlfield tag="001">NCT_59133</controlfield>
  <controlfield tag="008">190214b        xxu||||| |||| 00| 0 vie d</controlfield>
  <datafield tag="999" ind1=" " ind2=" ">
   <subfield code="c">2870</subfield>
   <subfield code="d">2870</subfield>
  </datafield>
  <datafield tag="020" ind1=" " ind2=" ">
   <subfield code="a">9786049517754</subfield>
   <subfield code="c">160000</subfield>
  </datafield>
  <datafield tag="082" ind1="0" ind2="4">
   <subfield code="2">23rd ed.</subfield>
   <subfield code="a">170.9597</subfield>
   <subfield code="b">S464</subfield>
  </datafield>
  <datafield tag="100" ind1="1" ind2=" ">
   <subfield code="a">Bùi Ngọc Sơn</subfield>
  </datafield>
  <datafield tag="245" ind1="1" ind2="0">
   <subfield code="a">Việt Nam tinh hoa đạo đức :</subfield>
   <subfield code="b">Đạo làm người Việt Nam</subfield>
   <subfield code="c">Bùi Ngọc Sơn</subfield>
  </datafield>
  <datafield tag="260" ind1=" " ind2=" ">
   <subfield code="a">H.</subfield>
   <subfield code="b">Hồng Đức</subfield>
   <subfield code="c">2017</subfield>
  </datafield>
  <datafield tag="300" ind1=" " ind2=" ">
   <subfield code="a">401 tr.</subfield>
   <subfield code="b">Ảnh</subfield>
   <subfield code="c">24cm</subfield>
  </datafield>
  <datafield tag="520" ind1="3" ind2=" ">
   <subfield code="a">Cung cấp cho bạn đọc những chuẩn mực đạo đức được tinh luyện qua cuộc sống hàng ngàn năm, là sự gạn đục khơi trong của nhiều thời đại, làm cơ sở cho cuộc sống hôm nay tiếp tục hoàn thiện một nền đạo đức mới, dân tộc hiện đại và văn minh.</subfield>
  </datafield>
  <datafield tag="653" ind1=" " ind2=" ">
   <subfield code="a">Sách tham khảo</subfield>
  </datafield>
  <datafield tag="942" ind1=" " ind2=" ">
   <subfield code="2">ddc</subfield>
   <subfield code="c">BK</subfield>
  </datafield>
  <datafield tag="952" ind1=" " ind2=" ">
   <subfield code="0">0</subfield>
   <subfield code="1">0</subfield>
   <subfield code="2">ddc</subfield>
   <subfield code="4">0</subfield>
   <subfield code="6">170_959700000000000_S464</subfield>
   <subfield code="7">0</subfield>
   <subfield code="9">15424</subfield>
   <subfield code="a">000001</subfield>
   <subfield code="b">000001</subfield>
   <subfield code="d">2019-02-14</subfield>
   <subfield code="o">170.9597 S464</subfield>
   <subfield code="p">TK.01271</subfield>
   <subfield code="r">2019-02-14</subfield>
   <subfield code="v">160000.00</subfield>
   <subfield code="w">2019-02-14</subfield>
   <subfield code="y">BK</subfield>
  </datafield>
  <datafield tag="980" ind1=" " ind2=" ">
   <subfield code="a">Thư viện Trường Đại học Nam Cần Thơ</subfield>
  </datafield>
 </record>
</collection>
